[Event "22e Tournoi 1hKO"]
[Site "Montigny le Bretonneux"]
[Date "2018.05.10"]
[Round "1.1"]
[White "Alluch Abdellach, Nordin"]
[Black "Forissier, Nicolas"]
[Result "0-1"]
[WhiteElo "1426"]
[BlackElo "1977"]
[Annotator "Rivier,Sylvain"]
[PlyCount "54"]
[EventDate "2018.??.??"]

{Défense Grünfeld, variante fermée} 1. d4 Nf6 2. c4 g6 3. Nf3 Bg7 4. e3 O-O 5.
Nc3 d5 6. cxd5 Nxd5 7. e4 Nxc3 8. bxc3 c5 9. e5 Nc6 10. Be3 Qa5 11. Qd2 Rd8 12.
Be2 Nxe5 13. O-O Nxf3+ 14. Bxf3 cxd4 15. Bh6 dxc3 16. Qe3 Bxh6 17. Qxh6 Bf5 18.
g4 Be6 19. h4 Rab8 20. h5 Qe5 21. Rae1 Qf6 22. Qe3 Bc4 23. Be2 Bxe2 24. Qxe2
Rd2 25. Qe4 Rxa2 26. Rc1 b5 27. Rfe1 Qxf2+ 0-1

[Event "22e Tournoi 1hKO"]
[Site "Montigny le Bretonneux"]
[Date "2018.05.10"]
[Round "1.2"]
[White "David, Frederic"]
[Black "Sondermeijer, Damien"]
[Result "1-0"]
[WhiteElo "1964"]
[BlackElo "1414"]
[Annotator "Rivier,Sylvain"]
[PlyCount "53"]
[EventDate "2018.??.??"]

{Défense française, variante d'avance} 1. e4 e6 2. d4 d5 3. e5 c5 4. c3 Nc6 5.
Nf3 Qb6 6. Bd3 Bd7 7. O-O cxd4 8. cxd4 Nxd4 9. Nbd2 Nc6 10. Nb3 Qc7 11. Bf4
Nge7 12. Rc1 Ng6 13. Bg3 Rc8 14. h4 Qb8 15. h5 Ngxe5 16. Rxc6 Bxc6 17. Bxe5 Qa8
18. Nfd4 f6 19. Bg3 e5 20. Re1 Bb4 21. Qg4 Bd7 22. Qxg7 Rf8 23. Re2 e4 24. Nb5
Rc6 25. Bxe4 Kd8 26. Bxd5 Rc8 27. Nd6 1-0

[Event "22e Tournoi 1hKO"]
[Site "Montigny le Bretonneux"]
[Date "2018.05.10"]
[Round "1.4"]
[White "Didierjean, Tristan"]
[Black "Pelletier, Sylvain"]
[Result "1-0"]
[WhiteElo "1697"]
[BlackElo "1399"]
[Annotator "Rivier,Sylvain"]
[PlyCount "59"]
[EventDate "2018.??.??"]

{Défense Nimzo-indienne, système Rubinstein} 1. d4 Nf6 2. c4 e6 3. Nc3 Bb4 4.
Bd2 c5 5. e3 O-O 6. Bd3 d5 7. dxc5 dxc4 8. Bxc4 Bxc5 9. Nf3 Nbd7 10. O-O b6 11.
e4 Bb7 12. Qe2 Qb8 13. h3 Rd8 14. Bg5 e5 15. Bb5 Be7 16. Rad1 Qc7 17. Nd5 Nxd5
18. exd5 Bxg5 19. Nxg5 Nf6 20. d6 Rxd6 21. Qxe5 Rad8 22. Bc4 R8d7 23. Rc1 Qd8
24. Rfe1 h6 25. Nxf7 Rxf7 26. Qe7 Qxe7 27. Rxe7 Bd5 28. Bxd5 Rxd5 29. Rc8+ Kh7
30. Rxf7 1-0

[Event "22e Tournoi 1hKO"]
[Site "Montigny le Bretonneux"]
[Date "2018.05.10"]
[Round "1.5"]
[White "Montay, Jean-Paul"]
[Black "Privat, Jean-Claude"]
[Result "1/2-1/2"]
[WhiteElo "1391"]
[BlackElo "1605"]
[Annotator "Rivier,Sylvain"]
[PlyCount "59"]
[EventDate "2018.??.??"]

{Ouverture catalane, variante fermée} 1. c4 Nf6 2. Nc3 e6 3. g3 d5 4. cxd5 exd5
5. Bg2 Be7 6. d4 O-O 7. Nf3 c6 8. O-O Bf5 9. Re1 Na6 10. a3 Qc8 11. b4 Nc7 12.
Nd2 Re8 13. e4 dxe4 14. Ndxe4 Nxe4 15. Nxe4 Nd5 16. Bb2 Bg4 17. Qd2 Qf5 18. f4
Rad8 19. Nf2 Bd6 20. Rxe8+ Rxe8 21. Re1 Rxe1+ 22. Qxe1 Qe6 23. Qxe6 Bxe6 24.
Bh3 Bxh3 25. Nxh3 Be7 26. Nf2 Bf6 27. Ne4 Be7 28. Kf2 Nf6 29. Kf3 Nxe4 30. Kxe4
1/2-1/2

[Event "22e Tournoi 1hKO"]
[Site "Montigny le Bretonneux"]
[Date "2018.05.10"]
[Round "1.6"]
[White "Trevisiol, Thierry"]
[Black "Tanchoux, Pierre"]
[Result "1-0"]
[WhiteElo "1578"]
[BlackElo "1298"]
[Annotator "Rivier,Sylvain"]
[PlyCount "59"]
[EventDate "2018.??.??"]

{Gambit dame refusé} 1. d4 d5 2. c4 e6 3. Nf3 Nf6 4. Bg5 Be7 5. e3 Nc6 6. Nbd2
O-O 7. Rc1 dxc4 8. Bxc4 a6 9. O-O b5 10. Bxe6 fxe6 11. Rxc6 Bb7 12. Rc3 Ne4 13.
Bxe7 Qxe7 14. Rc1 Rac8 15. Qc2 Ng5 16. Ne5 Nf7 17. Nc6 Bxc6 18. Qxc6 Qd6 19.
Ne4 Qd5 20. a3 Nd6 21. Qxd5 exd5 22. Nxd6 cxd6 23. f3 Rc4 24. b3 Rcc8 25. Kf2
a5 26. Ke2 b4 27. a4 Rc3 28. Rxc3 bxc3 29. Kd3 Rc8 30. Rc1 1-0

[Event "22e Tournoi 1hKO"]
[Site "Montigny le Bretonneux"]
[Date "2018.05.10"]
[Round "1.7"]
[White "Rayeh, Anas"]
[Black "Branson, James"]
[Result "0-1"]
[WhiteElo "1204"]
[BlackElo "1516"]
[Annotator "Rivier,Sylvain"]
[PlyCount "56"]
[EventDate "2018.??.??"]

{Ouverture irrégulière} 1. g3 e5 2. d3 d5 3. Bg2 Be6 4. Nf3 Nd7 5. O-O Be7 6.
e4 d4 7. Qd2 h5 8. Ng5 Bxg5 9. Qxg5 Qxg5 10. Bxg5 f6 11. Bd2 h4 12. c3 hxg3 13.
fxg3 c5 14. Na3 a6 15. c4 Kf7 16. b4 Nh6 17. Bxh6 Rxh6 18. bxc5 Nxc5 19. Rfd1
Rah8 20. h4 g5 21. Rab1 gxh4 22. gxh4 Rxh4 23. Kf2 Rf4+ 24. Ke2 Bg4+ 25. Kd2
Rf2+ 26. Kc1 Bxd1 27. Kxd1 Rxg2 28. Ke1 Rh1# 0-1

[Event "22e Tournoi 1hKO"]
[Site "Montigny le Bretonneux"]
[Date "2018.05.10"]
[Round "1.8"]
[White "Fasquelle, Yann"]
[Black "Zareli, Youssef"]
[Result "1-0"]
[WhiteElo "1512"]
[BlackElo "1190"]
[Annotator "Rivier,Sylvain"]
[PlyCount "95"]
[EventDate "2018.??.??"]

{Pa Partie espagnole, défense Berlinoise} 1. e4 e5 2. Nf3 Nc6 3. Bb5 d6 4. c3
Nf6 5. d3 g6 6. O-O a6 7. Ba4 Be6 8. Ng5 Qd7 9. f4 O-O-O 10. fxe5 Bg4 11. Qc2
Nh5 12. Nxf7 Bg7 13. exd6 cxd6 14. d4 Rdf8 15. Nxh8 Rxf1+ 16. Kxf1 Bxh8 17. Bg5
Qf7+ 18. Qf2 Qxf2+ 19. Kxf2 Nxd4 20. Nd2 Ne6 21. Be3 Be5 22. g3 b5 23. Bd1 Bxd1
24. Rxd1 b4 25. Nf3 bxc3 26. Nxe5 c2 27. Rc1 dxe5 28. Rxc2+ Kd7 29. Rd2+ Kc6
30. Rd5 Nc5 31. Rxc5+ Kd6 32. Ra5 Ke7 33. Rxa6 Nf6 34. Bg5 Kd7 35. Bxf6 h5 36.
Bxe5 g5 37. Bf6 g4 38. e5 Ke8 39. Rd6 Kf7 40. a4 Kg6 41. a5 Kf5 42. a6 h4 43.
a7 hxg3+ 44. Kxg3 Ke4 45. a8=Q+ Ke3 46. Qa3+ Ke2 47. Qd3+ Ke1 48. Qd1# 1-0

[Event "22e Tournoi 1hKO"]
[Site "Montigny le Bretonneux"]
[Date "2018.05.10"]
[Round "1.9"]
[White "Pelletier, Noe"]
[Black "Leclet, Pierre"]
[Result "1-0"]
[WhiteElo "1180"]
[BlackElo "1483"]
[Annotator "Rivier,Sylvain"]
[PlyCount "135"]
[EventDate "2018.??.??"]

{Gambit dame accepté} 1. d4 d5 2. c4 c5 3. Nc3 dxc4 4. e3 cxd4 5. exd4 Nc6 6.
Nf3 Bg4 7. Be3 g6 8. Bxc4 Bg7 9. d5 Ne5 10. Bb5+ Kf8 11. Be2 Nxf3+ 12. Bxf3
Bxf3 13. Qxf3 b6 14. O-O Be5 15. Rfe1 Qd6 16. g3 h6 17. Rad1 Nf6 18. Nb5 Qb8
19. Bd4 Nd7 20. Qc3 Bxd4 21. Qxd4 f6 22. d6 e5 23. Qd5 Kg7 24. Nc7 Qg8 25. Nxa8
Qxd5 26. Rxd5 Rxa8 27. Rc1 Kf7 28. Rc7 Ke6 29. Rd1 a5 30. Kg2 Rd8 31. Kf3 f5
32. g4 e4+ 33. Kf4 g5+ 34. Kg3 f4+ 35. Kg2 Ke5 36. Rc3 f3+ 37. Kg3 Nf6 38. Rc6
Nd7 39. h4 Ke6 40. hxg5 hxg5 41. Re1 Kd5 42. Rcc1 Nc5 43. Rcd1+ Ke5 44. Rd2 Nd3
45. Rxd3 Rd7 46. Rde3 Rxd6 47. Rxe4+ Kf6 48. Kxf3 Rd3+ 49. R4e3 Rd6 50. Kg3 Rc6
51. Rf3+ Kg7 52. Rf5 Rg6 53. Ree5 Rd6 54. Rxg5+ Kh6 55. Rd5 Rc6 56. Rh5+ Kg6
57. f4 a4 58. Rdg5+ Kf7 59. Rh7+ Kf8 60. Rd5 Kg8 61. Ra7 Rc8 62. Rg5+ Kf8 63.
Rh5 Kg8 64. Rah7 Rc1 65. Rd7 Rc2 66. Rg5+ Kf8 67. Rh5 Ke8 68. Ra7 1-0

[Event "22e Tournoi 1hKO"]
[Site "Montigny le Bretonneux"]
[Date "2018.05.10"]
[Round "1.10"]
[White "Sagon, Lancelot"]
[Black "Harang, Mathurin"]
[Result "1-0"]
[WhiteElo "1479"]
[BlackElo "1099"]
[Annotator "Rivier,Sylvain"]
[PlyCount "75"]
[EventDate "2018.??.??"]

{Gambit letton} 1. e4 e5 2. Nf3 Bc5 3. Nxe5 Qf6 4. Nf3 Ne7 5. d4 Bb4+ 6. c3 Ba5
7. Bg5 Qb6 8. Qc2 O-O 9. Bxe7 Re8 10. Bc5 Qh6 11. Nbd2 d6 12. Bb4 Bxb4 13. cxb4
Bg4 14. Be2 Nc6 15. O-O Rad8 16. Bb5 a6 17. Bxc6 bxc6 18. Qxc6 Re6 19. Qxc7 Rf8
20. e5 dxe5 21. Nxe5 f6 22. Nxg4 Qg5 23. Ne3 Rxe3 24. fxe3 Qxe3+ 25. Rf2 Qxd4
26. Qc4+ Qxc4 27. Nxc4 g5 28. Raf1 h5 29. Rxf6 Rd8 30. R6f5 Kg7 31. Rxg5+ Kh6
32. Ra5 Rd6 33. Nxd6 Kg6 34. Rxa6 Kg5 35. Rf8 h4 36. Ra7 Kg4 37. Rg7+ Kh5 38.
Rh8# 1-0

[Event "22e Tournoi 1hKO"]
[Site "Montigny le Bretonneux"]
[Date "2018.05.10"]
[Round "1.11"]
[White "Carbonero, Jean Marc"]
[Black "Sondermeijer, Antoine"]
[Result "0-1"]
[WhiteElo "1098"]
[BlackElo "1465"]
[Annotator "Rivier,Sylvain"]
[PlyCount "90"]
[EventDate "2018.??.??"]

{Partie italienne} 1. e4 e5 2. Nf3 Nf6 3. Nc3 Nc6 4. Bc4 Bc5 5. O-O O-O 6. d3
h6 7. Be3 Bb6 8. Bxb6 axb6 9. d4 d6 10. d5 Na5 11. Be2 c6 12. b4 cxd5 13. bxa5
d4 14. Nb1 Nxe4 15. axb6 Qxb6 16. Bd3 Qb2 17. Nbd2 Nxd2 18. Qxd2 Rxa2 19. Rab1
Qa3 20. Bc4 Rb2 21. Rxb2 Qxb2 22. Ne1 Qb6 23. Be2 Be6 24. c4 dxc3 25. Qxc3 Rc8
26. Qe3 Qd8 27. f4 Qc7 28. f5 Bc4 29. Nd3 f6 30. Rc1 Qd7 31. g4 b5 32. Nf2 d5
33. Nd3 d4 34. Qh3 Qa7 35. Qg2 Qf7 36. Qf1 Rc7 37. Nb2 Bxe2 38. Rxc7 Bxf1 39.
Rxf7 Kxf7 40. Kxf1 Ke7 41. Ke2 Kd6 42. Kd3 Kd5 43. Kd2 e4 44. h4 Ke5 45. Nd1
Kf4 0-1

[Event "22e Tournoi 1hKO"]
[Site "Montigny le Bretonneux"]
[Date "2018.05.10"]
[Round "2.1"]
[White "Forissier, Nicolas"]
[Black "Fasquelle, Yann"]
[Result "1-0"]
[WhiteElo "1977"]
[BlackElo "1512"]
[Annotator "Rivier,Sylvain"]
[PlyCount "55"]
[EventDate "2018.??.??"]

{Défense Nimzo-indienne, variante Fischer} 1. d4 Nf6 2. c4 e6 3. Nc3 Bb4 4. Nf3
b6 5. e3 Bb7 6. Bd3 O-O 7. O-O Nc6 8. e4 Ne7 9. e5 Ne8 10. Ne4 f5 11. exf6 Nxf6
12. Nfg5 h6 13. Nxf6+ Rxf6 14. Ne4 Rf7 15. a3 Bd6 16. Nxd6 cxd6 17. Qg4 Kh8 18.
Qh5 Qf8 19. Bd2 Nf5 20. Bc3 Qe7 21. Rae1 Raf8 22. d5 e5 23. f4 b5 24. fxe5 bxc4
25. Bxf5 Bxd5 26. Qg6 Rxf5 27. Rxf5 Rg8 28. exd6 1-0

[Event "22e Tournoi 1hKO"]
[Site "Montigny le Bretonneux"]
[Date "2018.05.10"]
[Round "2.2"]
[White "Sagon, Lancelot"]
[Black "David, Frederic"]
[Result "0-1"]
[WhiteElo "1479"]
[BlackElo "1964"]
[Annotator "Rivier,Sylvain"]
[PlyCount "80"]
[EventDate "2018.??.??"]

{Défense scandinave} 1. e4 d5 2. exd5 Nf6 3. Nf3 Bg4 4. Be2 Qxd5 5. Nc3 Qf5 6.
d4 Nc6 7. a3 O-O-O 8. Be3 e5 9. d5 Ne7 10. Bxa7 Nexd5 11. Nxd5 Rxd5 12. Qc1 Be7
13. Be3 Qh5 14. c4 Rd7 15. Qc2 e4 16. Nd4 Bxe2 17. Nxe2 Qa5+ 18. Nc3 Bc5 19.
O-O Bxe3 20. fxe3 Qa7 21. Rfe1 Re8 22. Nb5 Qb6 23. Qa4 Kb8 24. b4 c6 25. Nd4
Rxd4 26. exd4 Qxd4+ 27. Kh1 Ng4 28. h3 Nf2+ 29. Kh2 Qe5+ 30. Kg1 Nxh3+ 31. gxh3
Qg3+ 32. Kh1 Qxh3+ 33. Kg1 Qg3+ 34. Kf1 Qf3+ 35. Kg1 Qg3+ 36. Kf1 Qf3+ 37. Kg1
Re6 38. Qc2 Rg6+ 39. Kh2 Rh6+ 40. Kg1 Rh1# 0-1

[Event "22e Tournoi 1hKO"]
[Site "Montigny le Bretonneux"]
[Date "2018.05.10"]
[Round "2.3"]
[White "Sondermeijer, Antoine"]
[Black "Didierjean, Tristan"]
[Result "0-1"]
[WhiteElo "1465"]
[BlackElo "1697"]
[Annotator "Rivier,Sylvain"]
[PlyCount "78"]
[EventDate "2018.??.??"]

{Défense Pirc} 1. e4 e5 2. Nf3 d6 3. d4 exd4 4. Nxd4 Nf6 5. Bd3 Be7 6. O-O O-O
7. Be3 c5 8. Ne2 Nc6 9. h3 Na5 10. Nd2 Be6 11. b3 Nd7 12. f4 Nb6 13. c4 Bf6 14.
Rb1 Nc6 15. Nf3 Nb4 16. Nc1 Bc3 17. Ng5 h6 18. Nxe6 fxe6 19. Qh5 Nxd3 20. Nxd3
d5 21. Nxc5 Qc8 22. Qg4 d4 23. Nxe6 Qd7 24. Bc1 h5 25. Qg6 Rf6 26. Qxg7+ Qxg7
27. Nxg7 Kxg7 28. Bb2 Raf8 29. Bxc3 dxc3 30. f5 Nd7 31. Kf2 Nc5 32. Ke3 Re8 33.
Rf4 Rd6 34. Rh4 Rd3+ 35. Kf4 Rxe4+ 36. Kg5 Rg3+ 37. Kxh5 Rxh4+ 38. Kxh4 Rxg2
39. Kh5 c2 0-1

[Event "22e Tournoi 1hKO"]
[Site "Montigny le Bretonneux"]
[Date "2018.05.10"]
[Round "2.4"]
[White "Zareli, Aymane"]
[Black "Trevisiol, Thierry"]
[Result "0-1"]
[WhiteElo "1009"]
[BlackElo "1578"]
[Annotator "Rivier,Sylvain"]
[PlyCount "120"]
[EventDate "2018.??.??"]

{Défense sicilienne} 1. e4 e6 2. Nf3 d5 3. d3 c5 4. Bf4 Nc6 5. Nc3 Bd6 6. Bg3
Nge7 7. d4 Bxg3 8. hxg3 dxe4 9. Nxe4 cxd4 10. Bc4 f6 11. Nc5 Qd6 12. Ne4 Qb4+
13. Nfd2 Ne5 14. b3 Bd7 15. a3 Qb6 16. O-O h6 17. Nf3 Nxc4 18. bxc4 Bc6 19.
Nfd2 O-O 20. Qg4 f5 21. Qh3 fxe4 22. Qxe6+ Rf7 23. Nxe4 Bxe4 24. Qxe4 Nc6 25.
Rab1 Qc5 26. Qe6 Qe5 27. Rbe1 Qxe6 28. Rxe6 Re7 29. Rfe1 Rxe6 30. Rxe6 Kf7 31.
Rd6 Rd8 32. Rxd8 Nxd8 33. Kf1 Ke6 34. g4 Nc6 35. f4 Na5 36. f5+ Ke5 37. Ke2
Nxc4 38. Kf3 Nxa3 39. Ke2 Nxc2 40. Kd2 Ne3 41. Kd3 Nxg4 42. g3 Ne3 43. Ke2 Nxf5
44. Kd3 Nxg3 45. Kc4 Ke4 46. Kb4 d3 47. Kc3 Ke3 48. Kb3 d2 49. Kc2 Ke2 50. Kb2
d1=Q 51. Ka3 Qc2 52. Kb4 Kd3 53. Kb5 h5 54. Ka5 h4 55. Kb4 h3 56. Kb5 h2 57.
Kb4 h1=R 58. Ka5 Qc5+ 59. Ka4 Ra1+ 60. Kb3 Qc3# 0-1

[Event "22e Tournoi 1hKO"]
[Site "Montigny le Bretonneux"]
[Date "2018.05.10"]
[Round "2.5"]
[White "Branson, James"]
[Black "Trevisiol, Antoine"]
[Result "1-0"]
[WhiteElo "1516"]
[BlackElo "1404"]
[Annotator "Rivier,Sylvain"]
[PlyCount "93"]
[EventDate "2018.??.??"]

{Défense française, variante Tarrasch fermée} 1. e4 e6 2. d4 d5 3. Nd2 Nf6 4.
e5 Nfd7 5. Bd3 c5 6. c3 Nc6 7. Ne2 Qb6 8. Nf3 Be7 9. O-O O-O 10. a3 a5 11. Bc2
c4 12. Rb1 Re8 13. Ng5 Nf8 14. Ng3 Bxg5 15. Bxg5 Bd7 16. Qg4 Ng6 17. h4 Qc7 18.
h5 Ngxe5 19. dxe5 Nxe5 20. Qh4 Qb6 21. Qd4 Qxd4 22. cxd4 Nc6 23. Be3 b5 24. Ne2
b4 25. f4 a4 26. Rf3 bxa3 27. bxa3 Na5 28. Bd2 Nb3 29. Bb4 Rab8 30. Bxb3 cxb3
31. Rc3 Rec8 32. Kf2 Bb5 33. Rxc8+ Rxc8 34. Nc3 Bd7 35. Ke3 f6 36. Kd2 Rc4 37.
Bc5 Kf7 38. Rb2 g6 39. hxg6+ hxg6 40. g3 g5 41. Nd1 e5 42. fxe5 fxe5 43. Ne3
exd4 44. Nxc4 dxc4 45. Bxd4 Bg4 46. Kc3 Be6 47. Rf2+ 1-0

[Event "22e Tournoi 1hKO"]
[Site "Montigny le Bretonneux"]
[Date "2018.05.10"]
[Round "2.6"]
[White "Privat, Jean-Claude"]
[Black "Pelletier, Noe"]
[Result "1-0"]
[WhiteElo "1605"]
[BlackElo "1180"]
[Annotator "Rivier,Sylvain"]
[PlyCount "73"]
[EventDate "2018.??.??"]

{Gambit dame} 1. d4 d5 2. c4 e6 3. Nc3 Nf6 4. Bg5 Nbd7 5. e3 Bb4 6. Rc1 Nb6 7.
cxd5 Nbxd5 8. Qc2 c6 9. Nf3 O-O 10. Bd3 g6 11. O-O Re8 12. Ne4 Bd7 13. Ne5 Kg7
14. Ng4 Be7 15. Nexf6 Bxf6 16. Nxf6 Nxf6 17. e4 e5 18. dxe5 Rxe5 19. f4 Re7 20.
e5 Ng4 21. Bxe7 Qxe7 22. Rf3 Be6 23. h3 Bd5 24. Be4 Nh6 25. Bxd5 cxd5 26. Qc7
Qb4 27. Rb3 Qxf4 28. e6 Qd4+ 29. Kh1 Re8 30. Rxb7 Rxe6 31. Rf1 Qh4 32. Rxf7+
Nxf7 33. Qxf7+ Kh6 34. Qxe6 Qf4 35. Qe1 Kg5 36. Rb3 h5 37. Qe3 1-0

[Event "22e Tournoi 1hKO"]
[Site "Montigny le Bretonneux"]
[Date "2018.05.10"]
[Round "2.7"]
[White "Duval, Dominique"]
[Black "Montay, Jean-Paul"]
[Result "1-0"]
[WhiteElo "1704"]
[BlackElo "1391"]
[Annotator "Rivier,Sylvain"]
[PlyCount "87"]
[EventDate "2018.??.??"]

{Défense sicilienne, variante Rossolimo} 1. e4 c5 2. Nf3 e6 3. d3 Nc6 4. g3 Qc7
5. Bg2 Nf6 6. O-O Be7 7. Re1 d6 8. c3 O-O 9. Nbd2 b5 10. a3 Ne5 11. Nxe5 dxe5
12. Nf3 Rd8 13. Qc2 Bb7 14. Be3 Ng4 15. Bd2 Nf6 16. Rac1 Rac8 17. c4 Bc6 18. b3
a5 19. Bc3 Nd7 20. Qb2 Bf6 21. Qd2 b4 22. axb4 axb4 23. Bb2 Ra8 24. Ra1 Rxa1
25. Rxa1 Ra8 26. Qc1 Qd6 27. Bf1 h6 28. Rxa8+ Bxa8 29. Qa1 Qb8 30. h4 g5 31.
hxg5 hxg5 32. Bc1 Qd8 33. Nxg5 Bc6 34. Nf3 Bg7 35. Bh3 f5 36. Bg5 Bf6 37. Qc1
fxe4 38. Bxe6+ Kg7 39. Bh6+ Kh8 40. Ng5 Bxg5 41. Bxg5 Nf6 42. Bh4 Qe7 43. Qh6+
Qh7 44. Bxf6# 1-0

[Event "22e Tournoi 1hKO"]
[Site "Montigny le Bretonneux"]
[Date "2018.05.10"]
[Round "2.8"]
[White "Leclet, Pierre"]
[Black "Tanchoux, Pierre"]
[Result "1-0"]
[WhiteElo "1483"]
[BlackElo "1298"]
[Annotator "Rivier,Sylvain"]
[PlyCount "78"]
[EventDate "2018.??.??"]

{Partie du pion dame} 1. d4 d5 2. b3 Nf6 3. Bb2 Nc6 4. e3 e6 5. a3 Be7 6. c4
O-O 7. Nf3 b6 8. Bd3 Bb7 9. b4 a6 10. c5 Rc8 11. Nbd2 Nb8 12. O-O b5 13. Rc1 c6
14. Qc2 g6 15. Nb3 Nbd7 16. Na5 Ba8 17. Rce1 Qe8 18. e4 dxe4 19. Bxe4 Nxe4 20.
Qxe4 Nf6 21. Qe3 Nd5 22. Qh6 Bf6 23. Ng5 Bxg5 24. Qxg5 Qd8 25. Qh6 Qf6 26. Re5
Qg7 27. Qh4 Rfd8 28. Bc1 Re8 29. Bh6 Qh8 30. Rfe1 Ne7 31. g4 Rc7 32. f4 Rd7 33.
Nb3 Nd5 34. Nd2 Qf6 35. Bg5 Qh8 36. Rxd5 Kf8 37. Bh6+ Kg8 38. Rxd7 Rb8 39. Ne4
Rb7 1-0

[Event "22e Tournoi 1hKO"]
[Site "Montigny le Bretonneux"]
[Date "2018.05.10"]
[Round "2.9"]
[White "Zareli, Youssef"]
[Black "Alluch Abdellach, Nordin"]
[Result "0-1"]
[WhiteElo "1190"]
[BlackElo "1426"]
[Annotator "Rivier,Sylvain"]
[PlyCount "74"]
[EventDate "2018.??.??"]

{Défense sicilienne, variante Najdorf} 1. e4 c5 2. Nf3 a6 3. d4 cxd4 4. Nxd4 d6
5. Nf3 Nf6 6. Nc3 e6 7. Be3 b5 8. a3 Be7 9. Bd3 Nc6 10. O-O O-O 11. b4 Qc7 12.
Qd2 Bb7 13. Bd4 Nxd4 14. Nxd4 Rac8 15. Nce2 Ng4 16. h3 Ne5 17. f4 Nxd3 18. cxd3
Qb6 19. Qe3 e5 20. fxe5 dxe5 21. Qf3 exd4 22. Nf4 Qh6 23. Nd5 Bxd5 24. exd5
Rcd8 25. Rfe1 Bg5 26. Qe4 Be3+ 27. Kf1 Qf6+ 28. Qf3 Qg5 29. Rac1 Rxd5 30. h4
Qd8 31. Re2 Qd7 32. Rcc2 Rf5 33. Rc7 Rxf3+ 34. gxf3 Qxc7 35. Re1 Qg3 36. Ke2
Qf2+ 37. Kd1 Qd2# 0-1

[Event "22e Tournoi 1hKO"]
[Site "Montigny le Bretonneux"]
[Date "2018.05.10"]
[Round "2.10"]
[White "Sondermeijer, Damien"]
[Black "Rayeh, Anas"]
[Result "1-0"]
[WhiteElo "1414"]
[BlackElo "1204"]
[Annotator "Rivier,Sylvain"]
[PlyCount "55"]
[EventDate "2018.??.??"]

{Défense des deux cavaliers} 1. e4 e5 2. Nf3 Nc6 3. Bc4 Nf6 4. d3 d6 5. Nc3 g6
6. O-O Bg7 7. Bg5 O-O 8. Qd2 Bg4 9. Qe3 Nd4 10. Nxd4 exd4 11. Qxd4 h6 12. Bxf6
Bxf6 13. Qe3 Kg7 14. h3 Bxc3 15. bxc3 Be6 16. Qd4+ Kg8 17. Bb3 Qh4 18. Qe3 f5
19. Bxe6+ Kg7 20. exf5 gxf5 21. Rab1 f4 22. Qd4+ Rf6 23. Rxb7 Raf8 24. Rxc7+
Kg6 25. Qe4+ Kh5 26. Bg4+ Kg5 27. Rg7+ Rg6 28. Rxg6# 1-0

[Event "22e Tournoi 1hKO"]
[Site "Montigny le Bretonneux"]
[Date "2018.05.10"]
[Round "2.11"]
[White "Pelletier, Sylvain"]
[Black "Carbonero, Jean Marc"]
[Result "1-0"]
[WhiteElo "1399"]
[BlackElo "1098"]
[Annotator "Rivier,Sylvain"]
[PlyCount "57"]
[EventDate "2018.??.??"]

{Partie italienne} 1. e4 e5 2. Nf3 Nc6 3. Bc4 d6 4. d4 Bg4 5. Bxf7+ Kxf7 6.
Ng5+ Kg6 7. Qxg4 Qf6 8. Ne6+ Kf7 9. d5 Qg6 10. Qxg6+ hxg6 11. Nxf8 Kxf8 12.
dxc6 bxc6 13. O-O Ne7 14. Nc3 Rb8 15. b3 Rd8 16. Bg5 Re8 17. f4 Kg8 18. Rf2 c5
19. Raf1 Nc6 20. fxe5 dxe5 21. Rf7 Rh5 22. h4 Nd4 23. Rxc7 Nxc2 24. Rff7 Rh7
25. Bf6 gxf6 26. Rxh7 Rd8 27. Nd5 f5 28. Nf6+ Kf8 29. Rh8# 1-0

[Event "22e Tournoi 1hKO"]
[Site "Montigny le Bretonneux"]
[Date "2018.05.10"]
[Round "3.1"]
[White "Didierjean, Tristan"]
[Black "Forissier, Nicolas"]
[Result "0-1"]
[WhiteElo "1697"]
[BlackElo "1977"]
[Annotator "Rivier,Sylvain"]
[PlyCount "75"]
[EventDate "2018.??.??"]

{Défense Grünfeld} 1. d4 Nf6 2. c4 g6 3. Nc3 d5 4. e3 Bg7 5. Bd3 O-O 6. Nge2 c5
7. cxd5 cxd4 8. Nxd4 Nxd5 9. Nce2 e5 10. Nb3 Nb4 11. Bc2 N8c6 12. O-O Qe7 13.
a3 Nxc2 14. Qxc2 Be6 15. Nc5 Rac8 16. Nxe6 Qxe6 17. Qa4 Rfd8 18. Nc3 a6 19. e4
Nd4 20. Nd5 Bf8 21. Bg5 Rd6 22. Kh1 Qg4 23. Nf6+ Rxf6 24. Bxf6 Qf4 25. Qd7 Rc2
26. Qd8 Nc6 27. Bg5 Nxd8 28. Bxf4 exf4 29. b4 Ne6 30. Rac1 Nd4 31. Rcd1 Bg7 32.
Rd3 Be5 33. f3 Ra2 34. h3 Ne2 35. Rfd1 Kg7 36. R3d2 Ng3+ 37. Kh2 Rxd2 38. Rc1
0-1

[Event "22e Tournoi 1hKO"]
[Site "Montigny le Bretonneux"]
[Date "2018.05.10"]
[Round "3.2"]
[White "David, Frederic"]
[Black "Branson, James"]
[Result "1-0"]
[WhiteElo "1964"]
[BlackElo "1516"]
[Annotator "Rivier,Sylvain"]
[PlyCount "43"]
[EventDate "2018.??.??"]

{DÃ©but Reti} 1. Nf3 d5 2. c4 d4 3. b4 b6 4. d3 e6 5. Nbd2 Be7 6. g3 Bb7 7. Bg2
Bf6 8. O-O Ne7 9. Bb2 e5 10. Rc1 c5 11. bxc5 bxc5 12. Rb1 Qc7 13. Ba3 Nd7 14.
Rxb7 Qxb7 15. Nxe5 Qxg2+ 16. Kxg2 Bxe5 17. Ne4 Rc8 18. Qa4 Kd8 19. Rb1 h6 20.
Rb7 Nb6 21. Qxa7 Bc7 22. Rxb6 1-0

[Event "22e Tournoi 1hKO"]
[Site "Montigny le Bretonneux"]
[Date "2018.05.10"]
[Round "3.3"]
[White "Trevisiol, Thierry"]
[Black "Privat, Jean-Claude"]
[Result "1-0"]
[WhiteElo "1578"]
[BlackElo "1605"]
[Annotator "Rivier,Sylvain"]
[PlyCount "59"]
[EventDate "2018.??.??"]

{Gambit dame, dÃ©fense orthodoxe} 1. d4 d5 2. c4 e6 3. Nf3 Nf6 4. Bg5 Nbd7 5.
Nc3 c6 6. cxd5 exd5 7. e3 Be7 8. Bd3 O-O 9. Rc1 Re8 10. Bb1 Nf8 11. Qc2 Nh5 12.
Bxe7 Qxe7 13. O-O Nf6 14. Ne5 Ng6 15. Nf3 Bg4 16. Nd2 Rac8 17. Qa4 a6 18. b4
Nh4 19. Bd3 Bf5 20. Be2 Ne4 21. Ncxe4 dxe4 22. g3 Ng6 23. Rc5 Bh3 24. Rfc1 Rcd8
25. a3 Bc8 26. Bf1 Bg4 27. Bg2 Be6 28. Bxe4 Qf6 29. Bg2 Rd5 30. Bxd5 1-0

[Event "22e Tournoi 1hKO"]
[Site "Montigny le Bretonneux"]
[Date "2018.05.10"]
[Round "3.4"]
[White "Sondermeijer, Damien"]
[Black "Duval, Dominique"]
[Result "1-0"]
[WhiteElo "1414"]
[BlackElo "1704"]
[Annotator "Rivier,Sylvain"]
[PlyCount "53"]
[EventDate "2018.??.??"]

{DÃ©fense scandinave} 1. e4 d5 2. exd5 Qxd5 3. Nc3 Qd6 4. Nf3 Nf6 5. d4 c6 6.
Bd3 Bg4 7. Be3 e6 8. O-O Be7 9. a3 O-O 10. Be2 Nbd7 11. b4 Nb6 12. Qd2 Nbd5 13.
Nxd5 Nxd5 14. c4 Nxe3 15. fxe3 Rad8 16. Qc2 Bf6 17. c5 Qc7 18. Bd3 h6 19. Nd2
Rd5 20. Ne4 Rh5 21. g3 Bg5 22. Nxg5 Rxg5 23. Rf4 h5 24. Qf2 e5 25. Re4 Rf5 26.
Qb2 Re8 27. Rxg4 1-0

[Event "22e Tournoi 1hKO"]
[Site "Montigny le Bretonneux"]
[Date "2018.05.10"]
[Round "3.5"]
[White "Fasquelle, Yann"]
[Black "Pelletier, Sylvain"]
[Result "1-0"]
[WhiteElo "1512"]
[BlackElo "1399"]
[Annotator "Rivier,Sylvain"]
[PlyCount "56"]
[EventDate "2018.??.??"]

{DÃ©fense sicilienne, variante Alapine} 1. e4 c5 2. Nf3 Nc6 3. c3 d5 4. exd5
Qxd5 5. Be2 Nf6 6. O-O e6 7. d3 Be7 8. b3 O-O 9. Bb2 b6 10. Qc1 Ba6 11. Re1
Bxd3 12. c4 Qf5 13. Nh4 Qe4 14. Bf3 Qxh4 15. Bxc6 Rad8 16. Bf3 Bd6 17. Be5 Bxe5
18. Rxe5 Ng4 19. Bxg4 Qxg4 20. Nc3 Rd4 21. Qa3 Rfd8 22. h3 Qf4 23. Re3 Be4 24.
Qxa7 Rd2 25. Rf1 Rxf2 26. Rxf2 Qxe3 27. Qxf7+ Kh8 28. Kh2 Qxc3 1-0